Bearded Animals - Statistics

General Stats
  • This quiz has been taken 9 times
  • The average score is 6 of 14
Answers on the Grid
Answers color-coded by a green-red scale on the quiz's grid according to % correct below.
Bearded Vulture
Bearded Collie
Bearded Wood Bison
Bearded Dragon
Bearded Baffin Penguin
Bearded Green Parrot
Bearded Screech Owl
Bearded Seal
Bearded Tiger Shark
Bearded Pig
Red-bearded Impala
Bearded Scorpionfish
Bluebeard
Bearded Mongoose
Bearded Mountaineer
Bearded Tit
Bearded Lady
Bearded Lake Viper
Bearded Devil
Yellow-bearded Gliding Lizard
Blue-bearded Woodpecker
Bearded Saki Monkey
Bearded Legs Crab-Spider
Miniature Schnauzer
 
Answer Stats
Answer % Correct
Bearded Dragon
88%
Bearded Legs Crab-Spider
63%
Bearded Saki Monkey
50%
Bearded Screech Owl
50%
Bearded Seal
50%
Bearded Vulture
50%
Miniature Schnauzer
50%
Bearded Collie
38%
Bearded Pig
25%
Bearded Tit
25%
Yellow-bearded Gliding Lizard
25%
Bearded Lady
13%
Bearded Mountaineer
13%
Bearded Scorpionfish
13%
No matching quizzes found
Score Distribution
Percent of People with Each Score
Percentile by Number Answered
Your Score History
You have not taken this quiz